LEADER 01203nam a2200337 i 4500 001 991000930249707536 005 20020507180052.0 008 940705s1993 us ||| | eng 020 $a0821838008 035 $ab10777374-39ule_inst 035 $aLE01304483$9ExL 040 $aDip.to Matematica$beng 082 0 $a515.35 084 $aAMS 34C 084 $aAMS 34D 084 $aAMS 58F 084 $aLC QA614.8.A39 100 1 $aAkin, Ethan$044245 245 14$aThe general topology of dynamical systems /$cEthan Akin 260 $aProvidence, R. I. :$bAmerican Mathematical Society,$cc1993 300 $ax, 261 p. :$bill. ;$c26 cm 490 0 $aGraduate studies in mathematics,$x1065-7339 ;$v1 500 $aIncludes bibliographical references (p. 255-257) and index 650 0$aDifferentiable dynamical systems 650 0$aTopological dynamics 907 $a.b10777374$b23-02-17$c28-06-02 912 $a991000930249707536 945 $aLE013 58F AKI11 (1993)$g1$i2013000017105$lle013$o-$pE0.00$q-$rl$s- $t0$u1$v0$w1$x0$y.i10876431$z28-06-02 996 $aGeneral topology of dynamical systems$9376865 997 $aUNISALENTO 998 $ale013$b01-01-94$cm$da $e-$feng$gus $h4$i1 LEADER 01484nam a22003011i 4500 001 991000901069707536 005 20250526101701.0 008 021104s1965 fr a dr 001|i fre d 035 $ab1207133x-39ule_inst 035 $aARCHE-016113$9ExL 040 $aDip.to Filologia Ling. e Lett.$bita$cA.t.i. Arché s.c.r.l. Pandora Sicilia s.r.l.$dSocioculturale Scs 082 04$a846$223. 100 1 $aPascal, Blaise$028760 245 14$aLes Provinciales, ou Les Lettres écrites par Louis de Montalte à un provincial de ses amis et aux RR. PP. Jésuites /$cPascal ; [Introduction, sommaire biographique, notes et relevé des variantes par Louis Cognet] 246 10$aLes Lettres écrites par Louis de Montalte à un provincial de ses amis et aux RR. PP. Jésuites 260 $aParis :$bGarnier,$c1965 300 $aXCV, 503 p., [13] carte di tav. :$bill. ;$c19 cm 490 1 $aClassiques Garnier 500 $aLouis de Montalte è pseudonimo di Blaise Pascal 650 4$aMontalte, Louis : de$xLettere e carteggi 700 1 $aCognet, Louis 830 0$aClassiques Garnier 907 $a.b1207133x$b28-04-17$c01-04-03 912 $a991000901069707536 945 $aLE008 FL.M. FR. I D 5$g1$i2008000192600$lle008$o-$pE0.00$q-$rl$s-$t0$u0$v0$w0$x0$y.i12368659$z01-04-03 996 $aProvinciales, ou les Lettres ecrites par Louis de Montalte a un provincial de ses amis et aux RR. PP. Jesuites$9139266 997 $aUNISALENTO 998 $ale008$b01-04-03$cm$da$e-$ffre$gfr$h4$i1